| 000 | 00440nam a2200157Ia 4500 | ||
|---|---|---|---|
| 008 | 210716s2002 xx 000 0 und d | ||
| 020 | _a0070473404 | ||
| 041 | _aeng | ||
| 082 | _a519.53 VOHN | ||
| 100 | _aVohra, N D | ||
| 245 | _aTheory and problems in quantitative techniques in management. | ||
| 250 | _a1 | ||
| 260 |
_aNew Delhi _bTata Mc Graw Hill Publishing Company _c2002 |
||
| 300 | _aviii,620 | ||
| 650 | _aQuantitative Methods | ||
| 999 |
_c197699 _d197699 |
||